Rock you like a Hurricane by Scorpions - lyrics - Statistics

General Stats
  • This quiz has been taken 82 times
  • The average score is 189 of 277
Answer Stats
Answer % Correct
a
98%
he
98%
I
98%
am,
95%
am
95%
am !
95%
her
95%
Here
95%
hurricane
95%
hurricane,
95%
like
95%
rock
95%
Rock
95%
you
95%
the
87%
The
87%
is
78%
it
78%
morning,
78%
come,
77%
It's
77%
it's
77%
out,
77%
out
77%
to
75%
early
73%
so
73%
sun
73%
comes
72%
and
68%
go,
68%
hungry
68%
hungry,
68%
in
63%
what
62%
night
60%
with
60%
for
58%
my
58%
My
58%
wrong
58%
have
57%
ready
57%
she
55%
on
53%
sin ?
53%
bitch
52%
loud,
52%
needs
52%
win,
50%
another
48%
feed
48%
show
48%
show,
48%
skin,
48%
time
48%
well,
45%
burning,
43%
give
43%
licking
42%
was
42%
last
40%
pretty
40%
inches
38%
lips
38%
calling,
37%
he's
37%
his
37%
runs
37%
breaks
35%
cat
35%
leave
35%
tell,
35%
got
33%
make
33%
purring,
33%
scratches
33%
coming,
32%
loose
32%
love
32%
wolf
32%
hunt
30%
places
30%
shout,
28%
starts
27%
body
25%
just
23%
someone
23%
at
22%
first
20%
cages
18%
choose
18%
new
18%
desire
17%
more
17%
shaky
17%
sting
17%
storm
17%
days
15%
tonight
15%
lust
10%
til
10%
scratched
8%
No matching quizzes found
Score Distribution
Percent of People with Each Score
Percentile by Number Answered
Your Score History
You have not taken this quiz